KOHA-Header-6

Kibi Soucha Tha (Record no. 6705)

000 -LEADER
fixed length control field 00251nam a2200109Ia 4500
100 ## - MAIN ENTRY--AUTHOR NAME
Personal name Zia Ul Rehman
245 #0 - TITLE STATEMENT
Title Kibi Soucha Tha
260 ## - PUBLICATION, DISTRIBUTION, ETC. (IMPRINT)
Place of publication Karachi
Name of publisher Royal Book
Year of publication 2013
300 ## - PHYSICAL DESCRIPTION
Number of Pages 250
942 ## - ADDED ENTRY ELEMENTS (KOHA)
Koha item type Books
Holdings
Withdrawn status Lost status Collection code Permanent Location Current Location Shelving location Date acquired Full call number Accession Number Koha item type
    Urdu Literature MAJU MAJU   2019-09-11 891.43 113 Urdu Literature

Powered by Koha